| 000 | 00989cam a2200241 a 4500 | ||
|---|---|---|---|
| 999 |
_c7624 _d7624 |
||
| 001 | 11925980 | ||
| 003 | ARRUPE | ||
| 005 | 20170612102240.0 | ||
| 008 | 000229s2000 nyu b 001 0 eng | ||
| 010 | _a 00028199 | ||
| 020 | _a1891620606 (hc) | ||
| 040 |
_aDLC _cDLC _dDLC |
||
| 043 | _af-nr--- | ||
| 050 | 0 | 0 |
_aDT515.842 _b.M35 2000 |
| 082 | 0 | 0 |
_a966.905/3 _221 |
| 100 | 1 |
_aMaier, Karl, _d1957- _932525 |
|
| 245 | 1 | 0 |
_aThis house has fallen : _bmidnight in Nigeria / _cKarl Maier. |
| 260 |
_aNew York : _bPublicAffairs, _cc2000. |
||
| 300 |
_axxxvii, 327 p. ; _c24 cm. |
||
| 504 | _aIncludes bibliographical references (p. [311]-312) and index. | ||
| 651 | 0 |
_aNigeria _xPolitics and government _y1993-2007. _913505 |
|
| 906 |
_a7 _bcbc _corignew _d1 _eocip _f20 _gy-gencatlg |
||
| 942 |
_2lcc _cMONOGRAPH |
||